Introduction to Optimum Design (Record no. 609877)

000 -LEADER
fixed length control field 00395nam a22001457a 4500
020 ## - INTERNATIONAL STANDARD BOOK NUMBER
International Standard Book Number 9780128008065
040 ## - CATALOGING SOURCE
Transcribing agency NUST
082 ## - DEWEY DECIMAL CLASSIFICATION NUMBER
Classification number 620.0042015118
Author Mark ARO
100 ## - MAIN ENTRY--PERSONAL NAME
Personal name Arora ,Jasbir Singh
9 (RLIN) 98768
245 ## - TITLE STATEMENT
Title Introduction to Optimum Design
250 ## - EDITION STATEMENT
Edition statement Fourth Edition
260 ## - PUBLICATION, DISTRIBUTION, ETC.
Place of publication, distribution, etc. London:
Name of publisher, distributor, etc. Academic Press,
Date of publication, distribution, etc. 2017.
650 ## - SUBJECT ADDED ENTRY--TOPICAL TERM
Topical term or geographic name entry element Introduction to Optimum Design
9 (RLIN) 123804
942 ## - ADDED ENTRY ELEMENTS (KOHA)
Source of classification or shelving scheme
Koha item type Reference
Holdings
Withdrawn status Lost status Source of classification or shelving scheme Damaged status Not for loan Permanent Location Current Location Shelving location Date acquired Full call number Barcode Date last seen Price effective from Koha item type Total Checkouts
          College of Electrical & Mechanical Engineering (CEME) College of Electrical & Mechanical Engineering (CEME) Text Books 06/26/2024 620.0042015118 ARO CEME- 49664 06/26/2024 06/26/2024 Reference  
          College of Electrical & Mechanical Engineering (CEME) College of Electrical & Mechanical Engineering (CEME) Text Books 06/26/2024 620.0042015118 ARO SOF-49664 06/26/2024 06/26/2024 Reference  
© 2023 Central Library, National University of Sciences and Technology. All Rights Reserved.